00767cam a22002171 4500001001300000003000400013005001700017008004100034010001700075035002000092040005100112042001200163050002200175110005400197245016100251260003100412300001800443504002700461650004400488999001700532e 26000202 DLC20260227111217.0890202s1925 wvu b s000 0 eng c ae 26000202  a(OCoLC)19094899 aLibrary, U.S. Bur. of EducationcWvUdWvUdDLC apremarc00aTX174.W4bA5 19251 aWest Virginia.bDivision of Vocational Education.10aHome economics education.bA tentative course of study for the eighth, ninth, and tenth grades.cState Board of Education, Division of Vocational Education. aCharleston, W. Va.c[1925] a76 p.c23 cm. aBibliograpy: p. 73-76. 0aHome economicsxOutlines, syllabi, etc. c20822d20822